| 000 | 01101nam a2200325 i 4500 | ||
|---|---|---|---|
| 001 | 012978860 | ||
| 003 | EG-ScBUE | ||
| 005 | 20260308094252.0 | ||
| 008 | 040317t2004 maua f b 001 0 eng d | ||
| 020 | _a0262101068 (hardcover : alk. paper) | ||
| 020 | _a9780262101066 | ||
| 040 |
_aEG-ScBUE _beng _erda _cEG-ScBUE _dEG-ScBUE |
||
| 082 | 0 | 4 |
_a570.285 _bJON _222 |
| 100 | 1 |
_aJones, Neil C., _934810 _eauthor. |
|
| 245 | 1 | 3 |
_aAn introduction to bioinformatics algorithms / _cNeil C. Jones, and Pavel A. Pevzner. |
| 264 | 1 |
_aCambridge, Massachusetts : _bThe MIT Press, _c[2004] |
|
| 264 | 4 | _cc2004 | |
| 300 |
_axviii, 435 pages : _billustrations ; _c24 cm. |
||
| 336 |
_2rdacontent _atext _btxt |
||
| 337 |
_aunmediated _2rdamedia _bn |
||
| 338 |
_avolume _bnc _2rdacarrier |
||
| 490 | 0 | _aComputational molecular biology | |
| 504 | _aIncludes bibliographical references and index. | ||
| 650 | 7 |
_aBioinformatics. _95545 _2BUEsh |
|
| 650 | 7 |
_aAlgorithms. _913108 _2BUEsh |
|
| 653 | _cJanuary2014 | ||
| 655 |
_vReading book _934232 |
||
| 700 | 1 |
_aPevzner, Pavel, _934811 _eauthor. |
|
| 942 |
_2ddc _cBB |
||
| 999 |
_c17911 _d17883 |
||